000 01362nam a2200349Ia 4500
001 ebr10359437
003 CaPaEBR
006 m u
007 cr cn|||||||||
008 090617s2009 enk sb 001 0 eng d
020 _z1848131976 (hbk.)
020 _z1848131984 (pbk.)
020 _z9781848131972 (hbk.)
020 _z9781848131989 (pbk.)
040 _aCaPaEBR
_cCaPaEBR
035 _a(OCoLC)694147249
050 1 4 _aHD75.7
_b.J64 2009eb
100 1 _aJohnson, Hazel.
245 1 0 _aLearning for development
_h[electronic resource] /
_cHazel Johnson and Gordon Wilson.
260 _aLondon ;
_aNew York :
_bZed ;
_aNew York :
_bDistributed in the USA by Palgrave Macmillan,
_cc2009.
300 _a152 p.
490 1 _aDevelopment matters
504 _aIncludes bibliographical references and index.
533 _aElectronic reproduction.
_bPalo Alto, Calif. :
_cebrary,
_d2011.
_nAvailable via World Wide Web.
_nAccess may be limited to ebrary affiliated libraries.
650 0 _aEconomic development
_xEffect of education on.
650 0 _aEconomic policy.
655 7 _aElectronic books.
_2local
700 1 _aWilson, Gordon,
_cDr.
710 2 _aebrary, Inc.
830 0 _aDevelopment matters.
856 4 0 _uhttp://site.ebrary.com/lib/rucke/Doc?id=10359437
_zAn electronic book accessible through the World Wide Web; click to view
999 _c209022
_d209022